Szczegóły MARC21

Differential analysis on complex manifolds /

003 -Nazwa inst., której nr kontr. jest w polu 001 [,]
    • @
    • Nazwa instytucji, której n kontrolny jest w polu 001
    • NUKAT
005 -DATA I CZAS OSTATNIEJ MODYFIKACJI [,]
    • @
    • pole kontrolne
    • 20241231090513.0
020 -Międzynarod. znormalizowany nr książki - ISBN [ , ]
    • a
    • Numer ISBN
    • 9780387738918 Find
040 -Instytucja sporządzająca opis [ , ]
    • a
    • Instytucja, która sporządziła opis (NP)
    • WA 35/AC
    • c
    • Instytucja, która sporządziła rekord (NP)
    • WA 35/BJ
942 -Rodzaj dokumentu [ , ]
    • c
    • Rodzaj dokumentu
    • Książka
100 -Hasło główne - nazwa osobowa [1, ]
    • a
    • Nazwa osobowa (NP)
    • Wells, Raymond O'Neil
    • d
    • Daty biograficzne (NP)
    • (1940- ).
    • 9
    • KHW
    • 541248
240 -Tytuł ujednolicony [1,0]
    • a
    • Tytuł ujednolicony
    • Differential analysis on complex manifolds
    • l
    • Język tekstu
    • (ang.)
    • 9
    • KHW
    • 695715
245 -Strefa tytułu i oznaczenia odpowiedzialności [1,0]
    • a
    • Tytuł
    • Differential analysis on complex manifolds / Find
    • c
    • Pozostałe elementy strefy tytułu i oznaczenia odpowiedzialności (NP)
    • Raymond O. Wells ; new appendix by Oscar Garcia-Prada.
250 -Strefa wydania [ , ]
    • a
    • Oznaczenie wydania (NP)
    • 3rd ed.
260 -Strefa adresu wydawniczego [ , ]
    • a
    • Miejsce wydania (P)
    • New York :
    • b
    • Nazwa wydawcy (P)
    • Springer-Verlag,
    • c
    • Data wydania (P)
    • cop. 2008.
300 -Strefa opisu fizycznego [ , ]
    • a
    • Określenie formy książki i/lub objętość (NP)
    • XIII, 299 s. ;
    • c
    • Format (NP)
    • 24 cm.
336 -Typ zawartości [ , ]
    • a
    • Termin opisujący typ zawartości
    • Tekst
    • b
    • Kod określający zawartość
    • txt
    • 2
    • Źródło (terminu i kodu)
    • rdacontent
337 -Typ mediów [ , ]
    • a
    • Tryb odtwarzania
    • Bez urządzenia pośredniczącego
    • b
    • Kod typu mediów
    • n
    • 2
    • Źródło (terminu i kodu)
    • rdamedia
338 -Typ/rodzaj nośnika [ , ]
    • a
    • Hasło opisujące typ nośnika
    • Wolumin
    • b
    • Kod typu nośnika
    • nc
    • 2
    • Źródło (terminu i kodu)
    • rdacarrier
490 -Strefa serii i książki wielotomowej - forma nie do wyszukiwania [1, ]
    • a
    • Tytuł (P)
    • Graduate Texts in Mathematics ; Find
    • v
    • Numeracja (P)
    • 65
830 -Hasło dodatkowe serii i opisu książki wielotomowej - tytuł ujednolicony/tytuł [ ,0]
    • a
    • Tytuł ujednolicony/tytuł (NP)
    • Graduate Texts in Mathematics
    • x
    • ISSN
    • 0072-5285
    • v
    • Oznaczenie tomu (NP)
    • 65
    • 9
    • KHW
    • 1448
504 -Uwaga dot. bibliogr. załącznikowej [ , ]
    • a
    • Uwaga dot. bibliografii załącznikowej
    • Bibliogr. s. 284-290. Indeks.
530 -Uwaga dot. innej postaci fizycznej dokumentu [ , ]
    • a
    • Uwaga dot. innej postaci fizycznej dokumentu
    • Dostępne również w formie elektronicznej.
080 -Uniwersalna Klasyfikacja Dziesiętna [ , ]
    • 2
    • Identyfikator wydania tablic
    • UDC-P058
    • 9
    • UKD
    • 4045
    • a
    • Symbol klasyfikacji
    • 514.7
    • b
    • Dopowiedzenie
    • Geometria różniczkowa. Metody algebraiczne w geometrii. Algebra wektorowa i analiza wektorowa. Rachunek tensorowy i spinorowy. Krzywe. Teoria powierzchni. Geometria całkowa.
    • 4
    • UKD2
    • 7644
    • x
    • Poddział wspólny
    • =111
    • c
    • Dopowiedzenie poddz. wspólnego
    • =Język angielski.
980 -Symbol UKD [ , ]
    • a
    • UKD
    • 514.7=111
700 -Hasło dodatkowe - nazwa osobowa [1, ]
    • a
    • Nazwa osobowa (NP)
    • García-Prada, Oscar Find
    • d
    • Daty biograficzne (NP)
    • (1960- ).
    • 9
    • KHW
    • 629806
920 -ISBN [ , ]
    • a
    • ISBN
    • 978-0-387-73891-8 Find
Sygnatura Status udost. Numer inwentarzowy Lokalizacja Data inwentaryzacji
N.194701N.19470BG2009-11-30